| 000 | 00524nam a22001937a 4500 | ||
|---|---|---|---|
| 003 | KOHA_MİRAKIL | ||
| 005 | 20251221161215.0 | ||
| 008 | 251221b tu ||||| |||| 00| 0 tur d | ||
| 020 | _a9786051963273 | ||
| 040 |
_aTR-AnABB _btur _cTR-AnABB |
||
| 041 | _atur | ||
| 082 |
_a306.8 _bURK 2007 |
||
| 100 | 1 | _aOgurtan , Semin Güler, | |
| 245 | 1 | 0 |
_aAile kurmak, aile olmak / _cSemin Güler Ogurtan |
| 260 |
_aKonya : _bSebat Ofset, _c2007 |
||
| 300 |
_a230 sayfa ; _c22 cm |
||
| 650 | 0 | 4 | _aAile |
| 942 |
_2ddc _cBK |
||
| 999 |
_c9865 _d9865 |
||
| 900 | _bGizem YORULMAZ | ||